000 00964nam a22002417a 4500
008 240619b mp ||||| |||| 00| 0 mon d
020 _a978-9973-1-855-8
035 _a24257
040 _aUV1862160
_bmon
_cMN-UlNLM
_dMN-UlNLM
_erda
041 _amon
042 _a54227
082 _210-t
_a741.642
_bЧ.191
100 _aЧанагнянгар Б., Төрмөнх Б.
245 0 _aБэтгэлжин бор шувуу
264 _aУБ
_bМон судар ХГ
_c2020
300 _aх.
336 _2rdacontent
_atext
_btxt
337 _2rdamedia
_aunmediated
_bn
338 _2rdacarrier
_avolume
_bnc
650 _aСайн номын Жангар редакцаас бяцхан чдадаа зориулан монгол ардын үлгэрүүдийг багт ном болгон цувралаар хүргэж байгаа билээ. Энэ д...
942 _210-t
_cBK
999 _c925288
_d925345